Southville International School and Colleges
Your cart is empty.
  • Cart
  • Lists
    Public lists list_1 View all
    Your lists Log in to create your own lists
  • Log in to your account
  • Your cookies
  • Search history
Southville International School and Colleges
  • Advanced search
  • Recent comments
  • Most popular
  • Libraries

Log in to your account

Log in with GOOGLE


If you do not have an external account, but do have a local account, you can still log in:

  1. Home
  2. MARC view: Papua new guinea /
Normal view MARC view ISBD view

Papua new guinea / (Record no. 10677)

[ view plain ]
MARC details
000 -LEADER
fixed length control field 00516nam a22001937a 4500
003 - CONTROL NUMBER IDENTIFIER
control field OSt
005 - DATE AND TIME OF LATEST TRANSACTION
control field 20140310182219.0
008 - FIXED-LENGTH DATA ELEMENTS--GENERAL INFORMATION
fixed length control field 130909t xxu||||| |||| 00| 0 eng d
020 ## - INTERNATIONAL STANDARD BOOK NUMBER
International Standard Book Number 8032601373
050 ## - LIBRARY OF CONGRESS CALL NUMBER
Classification number DU 740
Item number .M435 1994
082 ## - DEWEY DECIMAL CLASSIFICATION NUMBER
Classification number HS 995
Item number M43 1994
100 ## - MAIN ENTRY--PERSONAL NAME
Personal name Mattes, Kristina
9 (RLIN) 17232
245 ## - TITLE STATEMENT
Title Papua new guinea /
Statement of responsibility, etc Kristina Mattes.
260 ## - PUBLICATION, DISTRIBUTION, ETC. (IMPRINT)
Place of publication, distribution, etc New guinea :
Name of publisher, distributor, etc TASR Bratislaua,
Date of publication, distribution, etc 1994.
300 ## - PHYSICAL DESCRIPTION
Other physical details ill. col. ;
Dimensions 29 cm.
650 ## - SUBJECT ADDED ENTRY--TOPICAL TERM
Topical term or geographic name as entry element New guinea
9 (RLIN) 17233
942 ## - ADDED ENTRY ELEMENTS (KOHA)
Source of classification or shelving scheme Library of Congress Classification
Koha item type
Holdings
Withdrawn status Lost status Source of classification or shelving scheme Damaged status Home library Current library Shelving location Date acquired Total Checkouts Full call number Barcode Date last seen Copy number Price effective from Koha item type
    Library of Congress Classification   Luxembourg Library Luxembourg Library   09/09/2013   DU 740 .M435 1994 2483 10/08/2015 1 09/09/2013 Books

Papua new guinea /

APA

Mattes K., . (1994). Papua new guinea. New guinea: TASR Bratislaua.

Chicago

Mattes Kristina, . 1994. Papua new guinea. New guinea: TASR Bratislaua.

Harvard

Mattes K., . (1994). Papua new guinea. New guinea: TASR Bratislaua.

MLA

Mattes Kristina, . Papua new guinea. New guinea: TASR Bratislaua. 1994.

  • Place hold
  • Print
  • Cite
  • Add to your cart (remove)
  • Save record
    BIBTEX Dublin Core MARCXML MARC (non-Unicode/MARC-8) MARC (Unicode/UTF-8) MARC (Unicode/UTF-8, Standard) MODS (XML) RIS
  • More searches
    Search for this title in:
    Other Libraries (WorldCat) Other Databases (Google Scholar) Online Stores (Bookfinder.com) Open Library (openlibrary.org)

Exporting to Dublin Core...

SOUTHVILLE LIBRARY

Southville International School and Colleges Library

1281 Tropical Ave. Cor. Luxembourg St., BF Homes International, Las Pinas City

Tel. No. 8256374 / 252358 Loc. 117/146

Powered by Koha